| 000 | 01025nas a2200325 4500 | ||
|---|---|---|---|
| 001 | BR0304872 | ||
| 003 | BR-BrBNA | ||
| 005 | 20231205104118.0 | ||
| 007 | ta | ||
| 008 | 230509b bl.|||p| |||| 00| 00por d | ||
| 040 |
_aBR-BrBNA _bpor _cBiblioteca Nacional de Agricultura |
||
| 041 | _a(Pt) | ||
| 072 | _aQ04 | ||
| 100 | 1 | _aYuyama, L.K.O. | |
| 100 | 1 | _aBarros, S.E. | |
| 100 | 1 | _aAguiar, J.P.L. | |
| 100 | 1 | _aYuyama, K. | |
| 100 | 1 | _aFilho, D.F.S. | |
| 245 | 1 | _aQuantificação de fibra alimentar em algumas populações de cubiu (Solanum sessififlorum Dunal), camucamu (Myrciaria dubia (H.B.K.)Mc Vauagh)e açaí (Euterpe oleracea Mart) | |
| 650 | _aCUBIU | ||
| 650 | _aFIBRA VEGETAL | ||
| 650 | _aAÇAI | ||
| 650 | _aCAMU-CAMU | ||
| 650 | _aNUTRIÇÃO HUMANA | ||
| 650 | _aANÁLISE DE ALIMENTO | ||
| 650 | _aVALOR NUTRITIVO | ||
| 773 | 0 |
_tActa Amazônica (Brazil) _xISSN 0044-5967 _g(Jul-Sep 2002), v. 32(3) p. 491-497 _wBR0304872 |
|
| 909 |
_a202311 _bLúcia _c55 _dLúcia Elande |
||
| 942 |
_2AGRIS _n0 _cANA |
||
| 999 |
_c176428 _d176428 |
||